Normal view
MARC view
- الصحة العامة
Entry Topical Term
001 - CONTROL NUMBER
- control field: 52914
003 - CONTROL NUMBER IDENTIFIER
- control field: JO-AjAnu
005 - DATE AND TIME OF LATEST TRANSACTION
- control field: 20230606082708.0
008 - FIXED-LENGTH DATA ELEMENTS
- fixed length control field: 230606|| aca||aabn | a|a d
040 ## - CATALOGING SOURCE
- Original cataloging agency: JO-AjAnu
- Transcribing agency: JO-AjAnu
150 ## - HEADING--TOPICAL TERM
- Topical term or geographic name entry element: الصحة العامة
670 ## - SOURCE DATA FOUND
- Source citation: Work cat.: (JO-AjAnu)27035: جرجي، فيلكس واخرووون , author 52913, الصحة العامة والخدمات الصحية لطلبة معاهد المهن الصحية العالية العراقية